[Event "EU Union-ch U12"]
[Site "Kouty nad Desnou"]
[Date "2023.08.18"]
[Round "3"]
[White "Alcantara, Levanah"]
[Black "Tureshbayev, Anuar"]
[Result "0-1"]
[WhiteElo "1527"]
[BlackElo "1826"]
[PlyCount "166"]
[EventDate "2023.08.16"]
[EventType "swiss"]
[EventRounds "9"]
[EventCountry "CZE"]
[SourceTitle "EXT 2024"]
[Source "ChessBase"]
[SourceDate "2023.10.10"]
[SourceVersion "1"]
[SourceVersionDate "2023.10.10"]
[SourceQuality "1"]

1. d4 d5 2. c4 e6 3. Nc3 a6 4. cxd5 exd5 5. Bf4 Bd6 6. Bg3 c6 7. e3 Nf6 8. Bd3 Be6 9. Nge2 Qe7 10. Rc1 0-0 11. 0-0 Bxg3 12. Nxg3 Rd8 13. f3 c5 14. dxc5 Qxc5 15. Qe2 Nc6 16. Kh1 Qe7 17. Nf5 Qd7 18. Nd4 Re8 19. Qf2 Re7 20. Rfd1 Nxd4 21. exd4 Rae8 22. Ne2 Bf5 23. Bxf5 Qxf5 24. Ng3 Qf4 25. a3 Re6 26. Rf1 h5 27. Rce1 h4 28. Rxe6 Rxe6 29. Ne2 Qd2 30. Ng1 Qd3 31. Rc1 Re8 32. Qxh4 Qd2 33. Rb1 Re6 34. Qg3 Re8 35. Qh4 b5 36. Qg3 Qxd4 37. Qd6 Re6 38. Qd8+ Kh7 39. Qc7 Kg8 40. Qd8+ Re8 41. Qd6 Qd3 42. Rc1 Qd2 43. Qc5 Qxb2 44. Rc2 Qb3 45. Rc3 Qa4 46. Qc6 Qd4 47. Rc1 Re6 48. Qc8+ Kh7 49. Qf8 Qa7 50. Qb4 Qd7 51. Qd4 Rc6 52. Rd1 Rc4 53. Qd3+ Kg8 54. Ne2 Qc7 55. Qe3 Qc5 56. Qd3 Rc2 57. a4 bxa4 58. Qxa6 a3 59. Ra1 a2 60. Qd3 Qc4 61. Qxc4 dxc4 62. Nc1 Rxc1+ 63. Rxc1 c3 64. Kg1 Nd5 65. Kf2 c2 66. Ke2 Nc3+ 67. Kd2 Nb1+ 68. Kxc2 a1Q 69. Rxb1 Qe5 70. h3 Qe2+ 71. Kc1 Qxg2 72. Rb3 Qxh3 73. Kd2 Qd7+ 74. Rd3 Qf5 75. Ke2 g5 76. Re3 Kg7 77. Re4 Kf6 78. Ke3 Qc5+ 79. Ke2 Kf5 80. Re3 Qc2+ 81. Kf1 Kf4 82. Re7 Qc4+ 83. Kg2 Qd5 0-1

[Event "EU Union-ch U12"]
[Site "Kouty nad Desnou"]
[Date "2023.08.17"]
[Round "2"]
[White "Constantinoiu, Alexandru Ioan"]
[Black "Alcantara, Levanah"]
[Result "1-0"]
[WhiteElo "1687"]
[BlackElo "1527"]
[PlyCount "99"]
[EventDate "2023.08.16"]
[EventType "swiss"]
[EventRounds "9"]
[EventCountry "CZE"]
[SourceTitle "EXT 2024"]
[Source "ChessBase"]
[SourceDate "2023.10.10"]
[SourceVersion "1"]
[SourceVersionDate "2023.10.10"]
[SourceQuality "1"]

1. e4 e6 2. d4 d5 3. e5 c5 4. c3 Nc6 5. Nf3 cxd4 6. cxd4 Nge7 7. a3 Nf5 8. Nc3 Be7 9. b4 0-0 10. Bd3 Bd7 11. Bxf5 exf5 12. Nxd5 Be6 13. Nxe7+ Nxe7 14. 0-0 Rc8 15. Bg5 Bd5 16. Nd2 h6 17. Bxe7 Qxe7 18. Rc1 Qg5 19. g3 Rxc1 20. Qxc1 f4 21. Qc3 fxg3 22. fxg3 h5 23. Rf4 Be6 24. Ne4 Qg6 25. Qd2 Rd8 26. Nd6 Bd5 27. Qc3 Qb1+ 28. Rf1 Qa2 29. Rf3 Qb1+ 30. Kg2 Qd1 31. Qe3 Qxf3+ 32. Qxf3 Bxf3+ 33. Kxf3 Rd7 34. Ke4 Kf8 35. Nc8 b6 36. Nd6 Rc7 37. Nb5 Re7 38. d5 Ke8 39. d6 Rd7 40. Kd5 Kd8 41. Kc6 Kc8 42. Nc3 Kd8 43. Nd5 Kc8 44. Ne7+ Kd8 45. Nf5 g6 46. Ne3 Kc8 47. Nd5 Rd8 48. Ne7+ Kb8 49. d7 a6 50. Kd6 1-0